| 000 | 00829nam a2200277Ia 4500 | ||
|---|---|---|---|
| 001 | Para_4771 | ||
| 003 | CHAP | ||
| 008 | 220125s1955 xx 000 0 und d | ||
| 010 | _a204701 | ||
| 040 | _cCHAP | ||
| 090 | _aPA FOLLETO 2173 | ||
| 100 |
_aNatti, J. J. _980406 |
||
| 245 |
_aProtectant seed treatments for vegetable processing crops / _c J. J. Natti, and W. T. Schroeer |
||
| 260 |
_aGeneva : _b Cornell University |
||
| 300 | _a46 p. | ||
| 440 |
_aNew York. Agr. Exp. Sta. Bull.; 771 _9170681 |
||
| 650 |
_aPesticidas _x Efecto en plantas Legumbres _x Semillas _9170682 |
||
| 700 |
_aSchroeder, W. T. _9103189 |
||
| 901 | _aPA FOLLETO 2173 | ||
| 902 | _aA | ||
| 905 | _a0000001955 GEN 0000000000 00 | ||
| 910 | _a1955 | ||
| 942 | _cPARA | ||
| 942 |
_cPARA _d1 |
||
| 999 |
_c204701 _d204701 |
||